Ecological footprint in the organic farming system
Výsledky prepočtov ekologickej stopy v systéme ekologického poľnohospodárstva. Ekologická stopa je alternatívnym indikátorom vplyvu ľudskej činnosti na životné prostredie, ktorý nie je vyjadrený ekonomicky, ale priestorovo. Článok obsahuje aj výsledky ďalších štúdií zaoberajúcich sa prevažne skúmaní...
Uložené v:
| Hlavný autor: | |
|---|---|
| Ďalší autori: | |
| Médium: | Kapitola |
| Jazyk: | English |
| Predmet: | |
| Tagy: |
Žiadne tagy, Buďte prvý, kto otaguje tento záznam!
|
MARC
| LEADER | 00000naa$a2200000$$$4500 | ||
|---|---|---|---|
| 001 | 0052903 | ||
| 005 | 20231114071733.6 | ||
| 041 | 0 | |a eng | |
| 044 | |a CZ | ||
| 245 | 1 | 0 | |a Ecological footprint in the organic farming system |c Lucie Lustigová, P. Kušková |
| 520 | |a Výsledky prepočtov ekologickej stopy v systéme ekologického poľnohospodárstva. Ekologická stopa je alternatívnym indikátorom vplyvu ľudskej činnosti na životné prostredie, ktorý nie je vyjadrený ekonomicky, ale priestorovo. Článok obsahuje aj výsledky ďalších štúdií zaoberajúcich sa prevažne skúmaním spotreby energie v poľnohospodárstve. | ||
| 610 | 2 | 0 | |a poľnohospodárstvo |
| 610 | 2 | 0 | |a ekológia |
| 610 | 2 | 0 | |a poľnohospodárstvo alternatívne |
| 610 | 2 | 0 | |a spotreba energie |
| 100 | 1 | |a Lustigová, Lucie | |
| 700 | 1 | |a Kušková, P. | |